<?xml version="1.0" encoding="UTF-8"?>
<record
    xmlns:xsi="http://www.w3.org/2001/XMLSchema-instance"
    xsi:schemaLocation="http://www.loc.gov/MARC21/slim http://www.loc.gov/standards/marcxml/schema/MARC21slim.xsd"
    xmlns="http://www.loc.gov/MARC21/slim">

  <leader>01421nam a2200337 i 4500</leader>
  <controlfield tag="003">CO-BoRNBP</controlfield>
  <controlfield tag="005">20230403223327.0</controlfield>
  <controlfield tag="007">ta</controlfield>
  <controlfield tag="008">221116s2022    ck ac der ||| 00| 0dspa d</controlfield>
  <datafield tag="020" ind1=" " ind2=" ">
    <subfield code="a">9789585050372</subfield>
  </datafield>
  <datafield tag="040" ind1=" " ind2=" ">
    <subfield code="a">CO-BoRNBP</subfield>
    <subfield code="b">spa</subfield>
    <subfield code="e">rda</subfield>
    <subfield code="c">CO-BoRNBP</subfield>
  </datafield>
  <datafield tag="041" ind1="0" ind2=" ">
    <subfield code="a">spa</subfield>
  </datafield>
  <datafield tag="043" ind1=" " ind2=" ">
    <subfield code="a">s-ck---</subfield>
  </datafield>
  <datafield tag="082" ind1=" " ind2=" ">
    <subfield code="a">925.2</subfield>
    <subfield code="b">A71m</subfield>
    <subfield code="2">22</subfield>
  </datafield>
  <datafield tag="100" ind1="1" ind2=" ">
    <subfield code="a">Arag&#xF3;n Novoa, Marcela</subfield>
    <subfield code="d">1982-</subfield>
    <subfield code="e">autora</subfield>
    <subfield code="9">861</subfield>
  </datafield>
  <datafield tag="245" ind1="1" ind2="0">
    <subfield code="a">Mujer es ciencia </subfield>
    <subfield code="c">20 pioneras colombianas y latinoamericanas / Marcela Arag&#xF3;n Novoa, Santiago Vargas Dom&#xED;nguez ; ilustraciones Carolina Garz&#xF3;n Blanco</subfield>
  </datafield>
  <datafield tag="250" ind1=" " ind2=" ">
    <subfield code="a">Edici&#xF3;n especial</subfield>
  </datafield>
  <datafield tag="264" ind1=" " ind2="1">
    <subfield code="a">Bogot&#xE1;, Colombia</subfield>
    <subfield code="b">Editorial Universidad Nacional de Colombia</subfield>
    <subfield code="c">2022</subfield>
  </datafield>
  <datafield tag="300" ind1=" " ind2=" ">
    <subfield code="a">97 p&#xE1;ginas</subfield>
    <subfield code="b">ilustraciones a color</subfield>
    <subfield code="c">27 cm</subfield>
  </datafield>
  <datafield tag="336" ind1=" " ind2=" ">
    <subfield code="a">texto</subfield>
    <subfield code="b">txt</subfield>
    <subfield code="2">rdacontent</subfield>
  </datafield>
  <datafield tag="337" ind1=" " ind2=" ">
    <subfield code="a">sin mediaci&#xF3;n</subfield>
    <subfield code="b">n</subfield>
    <subfield code="2">rdamedia</subfield>
  </datafield>
  <datafield tag="338" ind1=" " ind2=" ">
    <subfield code="a">volumen</subfield>
    <subfield code="b">nc</subfield>
    <subfield code="2">rdacarrier</subfield>
  </datafield>
  <datafield tag="490" ind1="0" ind2=" ">
    <subfield code="a">Plan Nacional de Lectura y Escritura Leer es mi Cuento / Ministerio de Cultura</subfield>
  </datafield>
  <datafield tag="521" ind1=" " ind2=" ">
    <subfield code="a">Recomendado para un p&#xFA;blico mayor de 9 a&#xF1;os</subfield>
  </datafield>
  <datafield tag="650" ind1="1" ind2="7">
    <subfield code="a">Mujeres en la ciencia </subfield>
    <subfield code="x">Literatura infantil </subfield>
    <subfield code="x">Biograf&#xED;as </subfield>
    <subfield code="2">LEMB</subfield>
    <subfield code="9">862</subfield>
  </datafield>
  <datafield tag="650" ind1="1" ind2="7">
    <subfield code="a">Cient&#xED;ficas colombianas </subfield>
    <subfield code="x">Literatura infantil </subfield>
    <subfield code="x">Biograf&#xED;as  </subfield>
    <subfield code="2">LEMB</subfield>
    <subfield code="9">863</subfield>
  </datafield>
  <datafield tag="650" ind1="1" ind2="7">
    <subfield code="a">Cient&#xED;ficas latinoamericanas </subfield>
    <subfield code="x">Literatura infantil </subfield>
    <subfield code="x">Biograf&#xED;as </subfield>
    <subfield code="2">LEMB</subfield>
    <subfield code="9">864</subfield>
  </datafield>
  <datafield tag="700" ind1=" " ind2=" ">
    <subfield code="a">Vargas Dom&#xED;nguez, Santiago</subfield>
    <subfield code="d">1977-</subfield>
    <subfield code="9">865</subfield>
  </datafield>
  <datafield tag="700" ind1=" " ind2=" ">
    <subfield code="a">Garz&#xF3;n Blanco, Carolina </subfield>
    <subfield code="e">ilustradora </subfield>
    <subfield code="9">866</subfield>
  </datafield>
  <datafield tag="942" ind1=" " ind2=" ">
    <subfield code="2">ddc</subfield>
    <subfield code="c">BK</subfield>
  </datafield>
  <datafield tag="999" ind1=" " ind2=" ">
    <subfield code="c">9320</subfield>
    <subfield code="d">9320</subfield>
  </datafield>
  <datafield tag="952" ind1=" " ind2=" ">
    <subfield code="0">0</subfield>
    <subfield code="1">0</subfield>
    <subfield code="2">ddc</subfield>
    <subfield code="4">0</subfield>
    <subfield code="7">0</subfield>
    <subfield code="8">INF</subfield>
    <subfield code="a">MEGUAMAL</subfield>
    <subfield code="b">MEGUAMAL</subfield>
    <subfield code="c">SInf</subfield>
    <subfield code="d">2023-04-03</subfield>
    <subfield code="l">0</subfield>
    <subfield code="o">925.2 A71m</subfield>
    <subfield code="p">GUA002968</subfield>
    <subfield code="r">2023-04-03 00:00:00</subfield>
    <subfield code="t">Ej.1</subfield>
    <subfield code="w">2023-04-03</subfield>
    <subfield code="y">BKINF</subfield>
  </datafield>
  <datafield tag="952" ind1=" " ind2=" ">
    <subfield code="0">0</subfield>
    <subfield code="1">0</subfield>
    <subfield code="2">ddc</subfield>
    <subfield code="4">0</subfield>
    <subfield code="7">0</subfield>
    <subfield code="8">INF</subfield>
    <subfield code="a">MEDORADO</subfield>
    <subfield code="b">MEDORADO</subfield>
    <subfield code="c">SInf</subfield>
    <subfield code="d">2023-06-01</subfield>
    <subfield code="l">0</subfield>
    <subfield code="o">925.2 A71m</subfield>
    <subfield code="p">DOR02990</subfield>
    <subfield code="r">2023-06-01 00:00:00</subfield>
    <subfield code="t">Ej.1</subfield>
    <subfield code="w">2023-06-01</subfield>
    <subfield code="y">BK</subfield>
  </datafield>
  <datafield tag="952" ind1=" " ind2=" ">
    <subfield code="0">0</subfield>
    <subfield code="1">0</subfield>
    <subfield code="2">ddc</subfield>
    <subfield code="4">0</subfield>
    <subfield code="7">0</subfield>
    <subfield code="8">INF</subfield>
    <subfield code="a">MESGUARO</subfield>
    <subfield code="b">MESGUARO</subfield>
    <subfield code="c">SInf</subfield>
    <subfield code="d">2023-07-07</subfield>
    <subfield code="l">0</subfield>
    <subfield code="o">925.2  A71m</subfield>
    <subfield code="p">SG00923</subfield>
    <subfield code="r">2023-07-07 00:00:00</subfield>
    <subfield code="t">Ej.1</subfield>
    <subfield code="w">2023-07-07</subfield>
    <subfield code="y">BK</subfield>
  </datafield>
  <datafield tag="952" ind1=" " ind2=" ">
    <subfield code="0">0</subfield>
    <subfield code="1">0</subfield>
    <subfield code="2">ddc</subfield>
    <subfield code="4">0</subfield>
    <subfield code="7">0</subfield>
    <subfield code="8">INF</subfield>
    <subfield code="a">MECUBARR</subfield>
    <subfield code="b">MECUBARR</subfield>
    <subfield code="c">SInf</subfield>
    <subfield code="d">2023-07-18</subfield>
    <subfield code="l">0</subfield>
    <subfield code="o">925.2 A71m</subfield>
    <subfield code="p">CUB00145</subfield>
    <subfield code="r">2023-07-18 15:15:56</subfield>
    <subfield code="t">Ej.1</subfield>
    <subfield code="w">2023-07-18</subfield>
    <subfield code="y">BK</subfield>
  </datafield>
  <datafield tag="952" ind1=" " ind2=" ">
    <subfield code="0">0</subfield>
    <subfield code="1">0</subfield>
    <subfield code="2">ddc</subfield>
    <subfield code="4">0</subfield>
    <subfield code="7">0</subfield>
    <subfield code="8">INF</subfield>
    <subfield code="a">MECASTIL</subfield>
    <subfield code="b">MECASTIL</subfield>
    <subfield code="c">SInf</subfield>
    <subfield code="d">2023-08-18</subfield>
    <subfield code="l">0</subfield>
    <subfield code="o">925.2 A71m Ej.1 </subfield>
    <subfield code="p">EC00245</subfield>
    <subfield code="r">2023-08-18 19:10:50</subfield>
    <subfield code="t">Ej.1</subfield>
    <subfield code="w">2023-08-18</subfield>
    <subfield code="y">BK</subfield>
  </datafield>
  <datafield tag="952" ind1=" " ind2=" ">
    <subfield code="0">0</subfield>
    <subfield code="1">0</subfield>
    <subfield code="2">ddc</subfield>
    <subfield code="4">0</subfield>
    <subfield code="7">0</subfield>
    <subfield code="8">INF</subfield>
    <subfield code="a">MEFTEORO</subfield>
    <subfield code="b">MEFTEORO</subfield>
    <subfield code="c">SInf</subfield>
    <subfield code="d">2023-10-19</subfield>
    <subfield code="l">0</subfield>
    <subfield code="o">925.2 A71m Ej.1</subfield>
    <subfield code="p">Fo00001946</subfield>
    <subfield code="r">2023-10-19 15:53:59</subfield>
    <subfield code="t">Ej.1</subfield>
    <subfield code="w">2023-10-19</subfield>
    <subfield code="y">BK</subfield>
    <subfield code="z">FOR-2022</subfield>
  </datafield>
  <datafield tag="952" ind1=" " ind2=" ">
    <subfield code="0">0</subfield>
    <subfield code="1">0</subfield>
    <subfield code="2">ddc</subfield>
    <subfield code="4">0</subfield>
    <subfield code="7">0</subfield>
    <subfield code="8">INF</subfield>
    <subfield code="a">MEMAPIRI</subfield>
    <subfield code="b">MEMAPIRI</subfield>
    <subfield code="c">SInf</subfield>
    <subfield code="d">2024-01-26</subfield>
    <subfield code="l">0</subfield>
    <subfield code="o">925.2 A71m</subfield>
    <subfield code="p">MAP00003943</subfield>
    <subfield code="r">2024-01-26 16:28:31</subfield>
    <subfield code="t">Ej.1</subfield>
    <subfield code="w">2024-01-26</subfield>
    <subfield code="y">BK</subfield>
  </datafield>
  <datafield tag="952" ind1=" " ind2=" ">
    <subfield code="0">0</subfield>
    <subfield code="1">0</subfield>
    <subfield code="2">ddc</subfield>
    <subfield code="4">0</subfield>
    <subfield code="7">0</subfield>
    <subfield code="8">INF</subfield>
    <subfield code="a">MEMACARE</subfield>
    <subfield code="b">MEMACARE</subfield>
    <subfield code="c">SInf</subfield>
    <subfield code="d">2024-08-14</subfield>
    <subfield code="l">0</subfield>
    <subfield code="o">9225.2A 71m</subfield>
    <subfield code="p">LM001713</subfield>
    <subfield code="r">2024-08-14 15:42:11</subfield>
    <subfield code="t">Ej.1</subfield>
    <subfield code="w">2024-08-14</subfield>
    <subfield code="y">BKLIT</subfield>
  </datafield>
  <datafield tag="952" ind1=" " ind2=" ">
    <subfield code="0">0</subfield>
    <subfield code="1">0</subfield>
    <subfield code="2">ddc</subfield>
    <subfield code="4">0</subfield>
    <subfield code="7">0</subfield>
    <subfield code="8">INF</subfield>
    <subfield code="a">MESMARTI</subfield>
    <subfield code="b">MESMARTI</subfield>
    <subfield code="c">SInf</subfield>
    <subfield code="d">2024-11-21</subfield>
    <subfield code="l">0</subfield>
    <subfield code="o">925.2  A71m</subfield>
    <subfield code="p">SM03218</subfield>
    <subfield code="r">2024-11-21 11:43:00</subfield>
    <subfield code="t">Ej.1</subfield>
    <subfield code="w">2024-11-21</subfield>
    <subfield code="y">BKINF</subfield>
  </datafield>
  <datafield tag="952" ind1=" " ind2=" ">
    <subfield code="0">0</subfield>
    <subfield code="1">0</subfield>
    <subfield code="4">0</subfield>
    <subfield code="7">0</subfield>
    <subfield code="8">InfPoTi</subfield>
    <subfield code="a">MEVIGERR</subfield>
    <subfield code="b">MEVIGERR</subfield>
    <subfield code="c">SInf</subfield>
    <subfield code="d">2023-05-17</subfield>
    <subfield code="o">925.2 A71m</subfield>
    <subfield code="p">ECA28553</subfield>
    <subfield code="r">2024-11-25 15:06:34</subfield>
    <subfield code="t">Ej.1</subfield>
    <subfield code="w">2024-11-25</subfield>
    <subfield code="y">BK</subfield>
    <subfield code="z">22160 | 27518</subfield>
  </datafield>
  <datafield tag="952" ind1=" " ind2=" ">
    <subfield code="0">0</subfield>
    <subfield code="1">0</subfield>
    <subfield code="2">ddc</subfield>
    <subfield code="4">0</subfield>
    <subfield code="7">0</subfield>
    <subfield code="8">INF</subfield>
    <subfield code="a">MESJUANI</subfield>
    <subfield code="b">MESJUANI</subfield>
    <subfield code="c">SInf</subfield>
    <subfield code="d">2025-01-22</subfield>
    <subfield code="l">0</subfield>
    <subfield code="o">925.2 A71m</subfield>
    <subfield code="p">SJU01245</subfield>
    <subfield code="r">2025-01-22 11:45:11</subfield>
    <subfield code="t">Ej.1</subfield>
    <subfield code="w">2025-01-22</subfield>
    <subfield code="y">BK</subfield>
  </datafield>
  <datafield tag="952" ind1=" " ind2=" ">
    <subfield code="0">0</subfield>
    <subfield code="1">0</subfield>
    <subfield code="2">ddc</subfield>
    <subfield code="4">0</subfield>
    <subfield code="7">0</subfield>
    <subfield code="8">INF</subfield>
    <subfield code="a">MEPLOPEZ</subfield>
    <subfield code="b">MEPLOPEZ</subfield>
    <subfield code="c">SInf</subfield>
    <subfield code="d">2025-05-10</subfield>
    <subfield code="l">0</subfield>
    <subfield code="o">925.2 A71m</subfield>
    <subfield code="p">PLZ01021</subfield>
    <subfield code="r">2025-05-10 11:55:37</subfield>
    <subfield code="t">Ej.1</subfield>
    <subfield code="w">2025-05-10</subfield>
    <subfield code="y">BK</subfield>
  </datafield>
  <datafield tag="952" ind1=" " ind2=" ">
    <subfield code="0">0</subfield>
    <subfield code="1">0</subfield>
    <subfield code="2">ddc</subfield>
    <subfield code="4">0</subfield>
    <subfield code="7">0</subfield>
    <subfield code="8">INF</subfield>
    <subfield code="a">MEMACYARI</subfield>
    <subfield code="b">MEMACYARI</subfield>
    <subfield code="c">SInf</subfield>
    <subfield code="d">2024-11-08</subfield>
    <subfield code="e">ministerio de cultura</subfield>
    <subfield code="f">PRI'2022'14542</subfield>
    <subfield code="l">0</subfield>
    <subfield code="o">925.2 A71m</subfield>
    <subfield code="p">PRI'2022'14542</subfield>
    <subfield code="r">2025-06-09 09:35:34</subfield>
    <subfield code="t">Ej.1</subfield>
    <subfield code="w">2025-06-09</subfield>
    <subfield code="y">BK</subfield>
  </datafield>
</record>
